| 000 | 00864cam a2200265 4500 | ||
|---|---|---|---|
| 001 | ABS62042 | ||
| 008 | 000000n2000 000 0 eng u | ||
| 035 | _a(Sirsi) u104915 | ||
| 100 | _aPomroy, C. | ||
| 245 | _aKnow your limits | ||
| 260 | _c2000 | ||
| 490 |
_aBuilding _v265(8128) 17 March 2000, 81(1) |
||
| 520 | _aoUTlines the potential advantages of limited liability partnerships over traditional partnerships and explains why firms should consider switching to a limited laibility business structure. | ||
| 590 | _aABS | ||
| 650 | _aLIMITED LIABILITY PARTNERSHIPS | ||
| 650 | _aPARTNERSHIP ACT 1890 | ||
| 650 | _aPROFESSIONAL INDEMNITY INSURANCE | ||
| 650 | _aRISK | ||
| 650 | _aPARTNERSHIPS | ||
| 650 | _aLIMITED COMPANIES | ||
| 650 | _aINCORPORATION | ||
| 650 | _aCOMPARISON | ||
| 690 | _aMANAGEMENT-BUSINESS MANAGEMENT | ||
| 942 | _n0 | ||
| 999 |
_c62939 _d62939 |
||